000 00824nam a22002297a 4500
999 _c6566
_d6566
003 AR-CdUCM
008 190318b ||||| |||| 00| 0 spa d
040 _aMUNICIPALIDAD PROVINCIAL DEL CUSCO
_cBIBLIOTECA MUNICIPAL DEL CUSCO
041 _hita
082 _a030 /
_bL59
245 _aPanorama :
_bLibros en el Tiempo /
260 _aBarcelona :
_bMontaner y Simón.
300 _a806 páginas ;
_bFotografías, ilustraciones
_c23cm
440 _aColección de Enciclopedias Monográficas, Panorama
_918520
505 _aContenido: Origen de la escritura e inicios de la Literatura
650 _aComienzos de la literatura
_918521
650 _aOrigen de la escritura
_918522
700 _aBofill, Rafael (traducción)
_918523
710 _aMontaner y Simón, S. A.
_918524
942 _2ddc
_cLIBROS
945 _anom